Business intelligence a corporate performance management v čase krízy

Postupy Business Intelligence, spôsob ako získať informácie pre manažérske rozhodovanie. Cieľ Business Intelligence (BI) a tri základné otázky manažérskeho rozhodovania. Corporate Performance Management (CPM) - "riadenie výkonnosti podniku". Správne informácie a konkurenčná výhoda.

Salvato in:
Dettagli Bibliografici
Autore principale: Chvostál, Peter
Natura: Capitolo di libro
Lingua:slovacco
Soggetti:
Tags: Aggiungi Tag
Nessun Tag, puoi essere il primo ad aggiungerne!!

MARC

LEADER 00000naa$a2200000$$$4500
001 0109548
005 20231012070140.6
041 0 |a slo 
044 |a SK 
245 1 0 |a Business intelligence a corporate performance management v čase krízy  |c Peter Chvostál 
520 |a Postupy Business Intelligence, spôsob ako získať informácie pre manažérske rozhodovanie. Cieľ Business Intelligence (BI) a tri základné otázky manažérskeho rozhodovania. Corporate Performance Management (CPM) - "riadenie výkonnosti podniku". Správne informácie a konkurenčná výhoda. 
610 2 0 |a manažment strategický 
610 2 0 |a rozhodovanie manažérske 
610 2 0 |a manažment znalostný 
610 2 0 |a ciele riadenia 
610 2 0 |a konkurencieschopnosť 
100 1 |a Chvostál, Peter